| 000 | 01507nam0a2200337 4500 | ||
|---|---|---|---|
| 001 | RU\NLR\bibl\316731 | ||
| 005 | 20260407060154.0 | ||
| 035 | _a(NLR Aleph) 000311811 | ||
| 090 |
_a42371 _c42371 |
||
| 100 | _a20021009d2000 |||y0rusy50 ca | ||
| 101 | 0 |
_arus _deng |
|
| 102 | _aRU | ||
| 105 | _aa ||||||||| | ||
| 200 | 1 |
_aСоциальные системы _dSocial systems _eФормализация и компьютер. моделирование _e[Учеб. пособие _fА.К. Гуц, В.В. Коробицын, А.А. Лаптев и др.] _gМ-во образования Рос. Федерации, Ом. гос. ун-т. Каф. мат. моделирования _zeng |
|
| 210 |
_aОмск _cОмГУ _d2000 |
||
| 215 |
_a[2],159 с. _cил. _d20 |
||
| 300 | _aРез. на англ. яз. | ||
| 320 | _aБиблиогр.: с. 155-159 (54 назв.) | ||
| 510 | 0 |
_aSocial systems _zeng |
|
| 606 | 0 |
_aСоциальные системы _xМоделирование _91663191 _3RU\NLR\auth\66737065 |
|
| 686 | _aС508.0в605 | ||
| 701 | 1 |
_aГуц _bА. К. _4070 |
|
| 701 | 1 |
_aКоробицын _bВ. В. _4070 |
|
| 701 | 1 |
_aЛаптев _bА. А. _4070 |
|
| 712 | 0 | 2 |
_4570 _aОмский государственный университет _bКафедра математического моделирования _3RU\NLR\AUTH\8810026954 _9552066 |
| 801 | 0 |
_aRU _bNLR _c20021009 _gPSBO |
|
| 801 | 1 |
_aRU _bNLR _c20021009 |
|
| 942 | _cBOOK | ||
| 980 | _aNB | ||